书目信息 |
| 题名: |
线性代数学习指导
|
|
| 作者: | 王来生 主编 | |
| 分册: | ||
| 出版信息: | 北京 中国农业大学出版社 2005.10 |
|
| 页数: | 218页 | |
| 开本: | 23cm | |
| 丛书名: | 普通高等学校公共基础课助学·助教·助考丛书 | |
| 单 册: | ||
| 中图分类: | O151.2 | |
| 科图分类: | ||
| 主题词: | 线性代数--xian xing dai shu--高等学校--自学参考资料 | |
| 电子资源: | ||
| ISBN: | 7-81066-902-8 | |
| 000 | 00955nam 2200241 450 | |
| 001 | 012006309709 | |
| 005 | 20060522101249.81 | |
| 010 | @a7-81066-902-8@dCNY17.00 | |
| 100 | @a20060502d2005 km y0chiy0120 ea | |
| 101 | 0 | @achi |
| 102 | @aCN@b110000 | |
| 105 | @ay z 000yy | |
| 200 | 1 | @a线性代数学习指导@Axian xing dai shu xue xi zhi dao@f王来生主编@Fwang lai sheng zhu bian |
| 210 | @a北京@c中国农业大学出版社@d2005.10 | |
| 215 | @a218页@d23cm | |
| 225 | 2 | @a普通高等学校公共基础课助学·助教·助考丛书@Apu tong gao deng xue xiao gong gong ji chu ke zhu xue·zhu jiao·zhu kao cong shu |
| 330 | @a全书分5 章,内容分别为行列式、矩阵、向量组的线性相关性、线性方程组、相似矩阵及二次型等。 | |
| 410 | 0 | @12001 @a普通高等学校公共基础课助学·助教·助考丛书 |
| 606 | 0 | @a线性代数@Axian xing dai shu@x高等学校@j自学参考资料 |
| 690 | @aO151.2@v4 | |
| 701 | 0 | @a王来生@Awang lai sheng@4主编 |
| 801 | 0 | @aCN@bQSSK@c20060522 |
| 905 | @a10447@dO151.2@eW256 | |
| 线性代数学习指导/王来生主编.-北京:中国农业大学出版社,2005.10 |
| 218页;23cm.-(普通高等学校公共基础课助学·助教·助考丛书) |
| ISBN 7-81066-902-8:CNY17.00 |
| 全书分5 章,内容分别为行列式、矩阵、向量组的线性相关性、线性方程组、相似矩阵及二次型等。 |
| ● |
| 相关链接 |
|
|
|
正题名:线性代数学习指导
索取号:O151.2/W256
 
预约/预借
| 序号 | 登录号 | 条形码 | 馆藏地/架位号 | 状态 | 备注 |
| 1 | 559599 | 205595998 | 自科库401/401自科库 41排7列2层/ [索取号:O151.2/W256] | 在馆 | |
| 2 | 559600 | 205596005 | 自科库401/401自科库 41排7列2层/ [索取号:O151.2/W256] | 在馆 |